Large-scale low-carbon heating (Record no. 83335)

MARC details
000 -LEADER
fixed length control field 00619cab a22001935a 4500
001 - CONTROL NUMBER
control field L153597
008 - FIXED-LENGTH DATA ELEMENTS--GENERAL INFORMATION
fixed length control field 110809e2011 xxk 000 0 eng d
020 ## - INTERNATIONAL STANDARD BOOK NUMBER
International Standard Book Number 9781848062092
035 ## - SYSTEM CONTROL NUMBER
System control number (Sirsi) u153597
041 0# - LANGUAGE CODE
Language code of text/sound track or separate title eng
100 1# - MAIN ENTRY--PERSONAL NAME
Personal name Thorne, A
245 00 - TITLE STATEMENT
Title Large-scale low-carbon heating
260 ## - PUBLICATION, DISTRIBUTION, ETC.
Place of publication, distribution, etc. Bracknell: BRE publication, 2011
490 ## - SERIES STATEMENT
Series statement BRE Information Paper 9/11
520 ## - SUMMARY, ETC.
Summary, etc. Introductory guide for anyone interested in generating heat using large-scale low-carbon heat sources but who has little or no prior knowledge of the subject.
690 ## - LOCAL SUBJECT ADDED ENTRY--TOPICAL TERM (OCLC, RLIN)
Topical term or geographic name as entry element CARBON HEATING
710 ## - ADDED ENTRY--CORPORATE NAME
Corporate name or jurisdiction name as entry element BRE
942 ## - ADDED ENTRY ELEMENTS (KOHA)
Suppress in OPAC 0
Holdings
Withdrawn status Lost status Source of classification or shelving scheme Damaged status Not for loan Home library Current library Shelving location Date acquired Total Checkouts Full call number Barcode Date last seen Copy number Price effective from Koha item type
    Dewey Decimal Classification     London London Books 09/08/2011   BRE-LONDON 30076626 06/08/2019 1 06/08/2019 Book